Sinh học

Trình bày những kiến thức cơ bản về sinh học cụ thể gồm: Sự sống, tế bào, virus, phôi học, phát quang sinh học, đồng hồ sinh học, tiến hoá, thích nghi, hệ sinh thái, ADN...

Tallennettuna:
Bibliografiset tiedot
Aineistotyyppi: Kirja
Kieli:Undetermined
Julkaistu: Thành phố Hồ Chí Minh Trẻ 2008
Aiheet:
Tagit: Lisää tagi
Ei tageja, Lisää ensimmäinen tagi!
Thư viện lưu trữ: Trung tâm Học liệu Trường Đại học Cần Thơ
LEADER 00762nam a2200193Ia 4500
001 CTU_132956
008 210402s9999 xx 000 0 und d
020 |c 42500 
082 |a 570 
082 |b S312 
245 0 |a Sinh học 
245 0 |c Phạm Thu Hoà (biên dịch) 
260 |a Thành phố Hồ Chí Minh 
260 |b Trẻ 
260 |c 2008 
520 |a Trình bày những kiến thức cơ bản về sinh học cụ thể gồm: Sự sống, tế bào, virus, phôi học, phát quang sinh học, đồng hồ sinh học, tiến hoá, thích nghi, hệ sinh thái, ADN... 
650 |a Biology,Sinh vật học 
904 |i Trọng Hải 
980 |a Trung tâm Học liệu Trường Đại học Cần Thơ